Four tomb groups from Jordan /
Main Author:
Other Authors: , ,
Format: Book
Language: English
Published:
London :
Palestine Exploration Fund,
1953.
Series:
Palestine Exploration Fund annual ;
6.
PEFA ;
6.
Subjects:
Tags: Add Tag
Call Number: DS111 .A1 P28 v.6
| LEADER | 01071namaa2200301 4500 | ||
|---|---|---|---|
| 003 | OSt | ||
| 005 | 20260505083539.0 | ||
| 008 | 130303s1953 enka b 000 0 eng d | ||
| 010 | |a 73151388 | ||
| 040 | |c ARCE Library | ||
| 043 | |a a-jo--- | ||
| 050 | 4 | |a DS111 .A1 P28 v.6 | |
| 100 | 1 | |a Harding, G. Lankester, |q (Gerald Lankester), |d 1901-, |e author | |
| 245 | 1 | 0 | |a Four tomb groups from Jordan / |c by G. Lankester Harding. With contributions by G. R. Driver, B. S. J. Isserlin [and] O. Tufnell. |
| 264 | 1 | |a London : |b Palestine Exploration Fund, |c 1953. | |
| 300 | |a xi, 72 pages : |b illustrations ; |c 29 cm. | ||
| 490 | 1 | |a Palestine Exploration Fund annual ; |v 6. | |
| 490 | 1 | |a PEFA ; |v 6. | |
| 504 | |a Includes bibliographical references (pages ix-xi) | ||
| 650 | 0 | |a Tombs |z Jordan. | |
| 700 | 1 | |a Driver, G. R., |q (Godfrey Rolles), |d 1892-1975. |9 29227 | |
| 700 | 1 | |a Isserlin, B. S. J. |9 32993 | |
| 700 | 1 | |a Tufnell, Olga. |9 41308 | |
| 830 | 0 | |a Palestine Exploration Fund annual ; |v 6. | |
| 830 | 0 | |a PEFA ; |v 6. | |
| 901 | |a reviewed | ||
| 942 | |c BK |2 lcc | ||
| 999 | |c 5969 |d 5969 | ||
